Vista normal
Vista MARC
Entrada Nombre personal
Número de registros utilizados en: 4
001 - NÚMERO DE CONTROL
- Campo de control: 13036
003 - IDENTIFICADOR DE NÚMERO DE CONTROL
- Campo de control: ES-MaCES
005 - FECHA Y HORA DE LA ULTIMA MODIFICACION
- Campo de control: 20090402142000.0
008 - ELEMENTOS DE DATOS DE LONGITUD FIJA
- Campo de longitud fija: 090402 | azznnaabn |n aaa d
035 ## - NÚMERO DE CONTROL DEL SISTEMA
- Número de control del sistema: CES20090001270n
040 ## - FUENTE DE LA CATALOGACIÓN
- Agencia original de catalogación: ES-MaCES
- Idioma de catalogación: spa
- Agencia de transcripción: ES-MaCES
100 1# - ENCABEZAMIENTO--NOMBRE DE PERSONA
- Nombre personal: Garcia Prats, Francisco Alfredo
901 ## - CES. DATOS SIRTEX
- ID Sirtex (N5N8): 0001500020130
- 005BIS Sirtex: 200904021420AMACIAS

